E'tude sur le croisement des parents du poulet ge'ne k (local) a v e c isa brown en utilisant l'inse'mination artificielle, (Record no. 1492)

000 -LEADER
fixed length control field 00489nam a22001577a 4500
003 - CONTROL NUMBER IDENTIFIER
control field OSt
005 - DATE AND TIME OF LATEST TRANSACTION
control field 20150930092526.0
008 - FIXED-LENGTH DATA ELEMENTS--GENERAL INFORMATION
fixed length control field 150930b xxu||||| |||| 00| 0 eng d
040 ## - CATALOGING SOURCE
Transcribing agency RUA
082 ## - DEWEY DECIMAL CLASSIFICATION NUMBER
Classification number AGR MON 2002 B061 Or.1
100 ## - MAIN ENTRY--PERSONAL NAME
9 (RLIN) 1581
Personal name MONG SEANG NGIM
245 ## - TITLE STATEMENT
Title E'tude sur le croisement des parents du poulet ge'ne k (local) a v e c isa brown en utilisant l'inse'mination artificielle,
260 ## - PUBLICATION, DISTRIBUTION, ETC. (IMPRINT)
Place of publication, distribution, etc. phnom penh
Name of publisher, distributor, etc. RUA
Date of publication, distribution, etc. 2002
300 ## - PHYSICAL DESCRIPTION
Extent 40p.
Other physical details ill.
Dimensions 29cm.
942 ## - ADDED ENTRY ELEMENTS (KOHA)
Source of classification or shelving scheme
Koha item type AGR
Holdings
Price effective from Date last seen Permanent Location Not for loan Date acquired Source of classification or shelving scheme Koha item type Barcode Lost status Damaged status Shelving location Withdrawn status Current Location Full call number
2015-09-302015-09-30Library Block B 2015-09-30 AGRRUA008107  B061 Library Block BAGR MON 2002 B061 Or.1
2015-09-302015-09-30Library Block B 2015-09-30 AGRRUA008179  B061 Library Block BAGR MON 2002 B061 Or.2
2015-09-302015-09-30Library Block B 2015-09-30 AGRRUA008251  B061 Library Block BAGR MON 2002 B061 Or.3
2015-09-302015-09-30Library Block B 2015-09-30 AGRRUA007031  B061 Library Block BAGR MON 2002 B061 Or.4
2015-09-302015-09-30Library Block B 2015-09-30 AGRRUA007246  B061 Library Block BAGR MON 2002 B061 Or.5
2015-09-302015-09-30Library Block B 2015-09-30 AGRRUA007247  B061 Library Block BAGR MON 2002 B061 Or.6
មជ្ឈមណ្ឌលឯការនៃសាកលវិទ្យាល័យភូមិន្ទកសិកម្មចំការដូង

Powered by Koha